| 000 | 01060nam a2200301 4500 | ||
|---|---|---|---|
| 003 | OSt | ||
| 005 | 20260601170957.0 | ||
| 008 | 260506b19481978sp\a||||\||||\00|\0\spa\d | ||
| 020 | _a8425207207 | ||
| 040 |
_aICI _bspa _cICI |
||
| 041 | _aspa | ||
| 050 |
_aT19 _bG53 |
||
| 100 | 1 |
_aGiedion, S. _d1888-1968, _eautor _q(Sigfried), _930805 |
|
| 245 | 1 |
_aLa mecanizacion toma el mando / _cSiegfried Giedion ; versión castellana de Esteve Riambau I Suari ; revision bibliografica por Joaquín Romaguera I Ramio |
|
| 260 |
_aBarcelona _bGustavo Gili, _c2006. |
||
| 264 |
_aBarcelona : _bGustavo Gili, _cc1978 |
||
| 300 |
_a731 páginas : _bilustraciones |
||
| 336 |
_atexto _2rdacontent |
||
| 337 |
_asin medio _2rdamedia |
||
| 338 |
_avolumen _2rdacarrier |
||
| 490 | 0 | _aColección Tecnología y sociedad | |
| 650 | 0 | _aInventos | |
| 650 | 0 |
_aTecnología _xFilosofía |
|
| 650 | 0 |
_aArtes industriales _xHistoria _930808 |
|
| 700 | 1 |
_aRiambau I Suari, Esteve, _etraductor _930809 |
|
| 700 | 1 |
_aRomaguera I Ramio, Joaquín, _ecolaborador _930810 |
|
| 942 |
_2lcc _cB _n1 |
||
| 999 |
_c19899 _d19899 |
||